| 000 | 00413nam a2200169Ia 4500 | ||
|---|---|---|---|
| 008 | 230524s9999 xx 000 0 und d | ||
| 020 | _a97800199560301 | ||
| 082 |
_a658.05 _bHEN |
||
| 100 | _aAnthony Henry | ||
| 245 | 0 | _aUnderstanding Strategic Management | |
| 250 | _aIST | ||
| 260 |
_aNEW DELHI _bOxford _c2008 |
||
| 300 | _aXV;416 | ||
| 500 | _aQuantity Number: 5 | ||
| 650 | _aManagement | ||
| 942 | _cBK | ||
| 999 |
_c46747 _d46747 |
||